| 000 | 00557nam a22001817a 4500 | ||
|---|---|---|---|
| 003 | BUBTL | ||
| 008 | 161206b xxu||||| |||| 00| 0 eng d | ||
| 020 | _a0-901956-76-7 | ||
| 082 | _a677BRB | ||
| 100 |
_9969 _aBroadbent, Arthur D. |
||
| 245 |
_aBasic Principles of Textile Coloration : _c Arthur D.Broadbent |
||
| 260 |
_aEngland : _bSociety of Dyers and Colourists, _cc2001. |
||
| 300 |
_axiii,578 p. : _bill. ; _c21 cm. |
||
| 650 | 0 |
_9971 _aTextile Engineering |
|
| 856 |
_k0 _l0 _yDownload |
||
| 942 |
_2ddc _cBK |
||
| 999 |
_c5401 _d5401 |
||